<?xml version="1.0" encoding="UTF-8"?>
<marc:record xmlns:marc="http://www.loc.gov/MARC21/slim">
   <marc:leader>00000nam a2200000 a 4500</marc:leader>
   <marc:datafield ind1="1" ind2=" " tag="100">
      <marc:subfield code="a">Bruening, Justin</marc:subfield>
   </marc:datafield>
   <marc:datafield ind1="1" ind2=" " tag="100">
      <marc:subfield code="a">Drew, Sarah</marc:subfield>
   </marc:datafield>
   <marc:datafield ind1="1" ind2=" " tag="100">
      <marc:subfield code="a">Evans, David G.</marc:subfield>
   </marc:datafield>
   <marc:datafield ind1="0" ind2="0" tag="245">
      <marc:subfield code="a">Was Gott zusammengefügt hat</marc:subfield>
   </marc:datafield>
   <marc:datafield ind1=" " ind2="1" tag="264">
      <marc:subfield code="b">Pure Flix Prduction</marc:subfield>
      <marc:subfield code="c">2019</marc:subfield>
   </marc:datafield>
   <marc:datafield ind1="1" ind2=" " tag="520">
      <marc:subfield code="a">Darren ist Armee-Kaplan, und er und seine Frau Heather führen eine vorbildliche Ehe, die auf ihrem gemeinsamen, tiefen Glauben basiert. Darren ist gerade erst ausgebildet worden, und stellt schnell fest, dass viele Ehen seiner Kameraden in Schwierigkeiten, oder bereits in die Brüche gegangen sind. Die harte Realität des Krieges setzt den Soldaten schwer zu, und die Beziehungen zu ihren Lieben leiden darunter.  Als Darren bei seinen Einsätzen im Irak Dinge erlebt, die er nur schwer verkraften kann, steht plötzlich auch seine eigene Ehe auf dem Spiel. Er und Heather müssen darum kämpfen, ihre Liebe zu retten.</marc:subfield>
   </marc:datafield>
   <marc:datafield ind1="3" ind2=" " tag="024">
      <marc:subfield code="a">4051238069440</marc:subfield>
   </marc:datafield>
</marc:record>
